000 00904nam a2200241Ia 4500
005 20251020182510.0
008 200515s9999 xx 000 0 und d
082 _a645.683/E24
110 _aEdiciones Daly
245 0 _aBiblioteca de Cocinas y Baños: Planimetría y diseños de Baños
260 _aCórdova
260 _bEdiciones Daly
260 _c1991
300 _a120 p.
300 _bil., graf., fot., col.
490 _aBibliotecas Monográficas Daly de la Construcción Serie: Cocinas y Baños
500 _a1 ejemplar
520 _aSe consideran las planimetrías mas usadas para las cocinas de chalet y apartamentos. En él se hace un estudio de distribución y planeamiento de acuerdo a la superficie que se puede dedicar a la misma, y a la forma mas idónea para el espacio de que se disp
650 _aBAÑOS
650 _aCOCINAS
650 _aPLANIMETRIA
942 _cLIB
999 _c1402
_d1402